[Event "GER-ch Amateurs"]
[Site "Bad Wildungen"]
[Date "2024.??.??"]
[Round "4"]
[White "Shanmuganathan, Adhav"]
[Black "Schenk, Quentin Alexander"]
[Result "1-0"]
[WhiteElo "1590"]
[BlackElo "1530"]
[PlyCount "89"]
[EventDate "2024.08.03"]
[EventType "swiss"]
[EventRounds "5"]
[EventCountry "GER"]
[SourceTitle "CBM 221 Extra"]
[Source "ChessBase"]
[SourceDate "2024.09.30"]
[SourceVersion "1"]
[SourceVersionDate "2024.09.30"]
[SourceQuality "1"]

1. e4 c6 2. d4 d5 3. Nc3 dxe4 4. Nxe4 Nf6 5. Ng3 e6 6. c3 Bd6 7. Bd3 Bxg3 8. hxg3 Nbd7 9. Nf3 0-0 10. Qc2 g6 11. Bh6 Re8 12. Ne5 Nxe5 13. dxe5 Ng4 14. Bf4 Qd5 15. Be4 Qa5 16. b4 Qc7 17. Qe2 Nxe5 18. Bxg6 fxg6 19. Bxe5 Qf7 20. Qe3 Qf5 21. 0-0-0 Qf8 22. Rh6 Qf5 23. f4 a5 24. Qd2 axb4 25. Rdh1 bxc3 26. Bxc3 Re7 27. Qd8+ Qf8 28. Qxf8+ Kxf8 29. Bb4 Rxa2 30. Bxe7+ Kxe7 31. Rxh7+ Kf6 32. R1h2 e5 33. fxe5+ Kxe5 34. Rc7 Bf5 35. Rxb7 Be4 36. Re7+ Kf5 37. g4+ Kf4 38. g3+ Kxg3 39. Rxa2 Bd5 40. Ra4 Kh4 41. Re5 g5 42. Kd2 Bf3 43. Ke3 Bxg4 44. Ree4 Kh3 45. Rxg4 1-0

[Event "GER Cup Net V3 U1600"]
[Site "Playchess.com INT"]
[Date "2020.05.27"]
[Round "1"]
[White "Schenk, Quentin Alexander"]
[Black "Ruddat, Mathias"]
[Result "0-1"]
[WhiteElo "1150"]
[BlackElo "1510"]
[PlyCount "44"]
[EventDate "2020.05.27"]
[EventType "swiss (blitz)"]
[EventRounds "9"]
[EventCountry "GER"]
[SourceTitle "EXT 2021"]
[Source "ChessBase"]
[SourceDate "2020.10.23"]
[SourceVersion "1"]
[SourceVersionDate "2020.10.23"]
[SourceQuality "1"]

1. e4 c5 2. d4 cxd4 3. c3 dxc3 4. bxc3 g6 5. Bc4 Bg7 6. Bb2 e6 7. Nf3 Ne7 8. Nbd2 0-0 9. Nf1 Nbc6 10. Ng3 Na5 11. 0-0 Nxc4 12. Bc1 Bxc3 13. Rb1 Bg7 14. Qc2 Ne5 15. Nxe5 Bxe5 16. Qc5 Bg7 17. Bg5 Re8 18. Qc1 b6 19. Bh6 Bb7 20. Bxg7 Kxg7 21. Ne2 Bxe4 22. Rb4 Bc6 0-1

[Event "GER-ch U18 sf Berlin Online"]
[Site "Playchess.com INT"]
[Date "2020.05.01"]
[Round "13"]
[White "Schenk, Quentin Alexander"]
[Black "Liu, Jan Luca"]
[Result "0-1"]
[WhiteElo "1301"]
[BlackElo "1620"]
[PlyCount "20"]
[EventDate "2020.05.01"]
[EventType "swiss (blitz)"]
[EventRounds "13"]
[EventCountry "GER"]
[SourceTitle "CBM 195 Extra"]
[Source "ChessBase"]
[SourceDate "2020.05.31"]
[SourceVersion "1"]
[SourceVersionDate "2020.05.31"]
[SourceQuality "1"]

1. e4 e5 2. Nf3 Nc6 3. Bc4 Nf6 4. d3 Bc5 5. c3 d6 6. Bg5 Be6 7. Bb3 Bxb3 8. axb3 0-0 9. c4 Qe7 10. Nc3 Bb4 0-1

[Event "GER-ch U18 sf Berlin Online"]
[Site "Playchess.com INT"]
[Date "2020.05.01"]
[Round "5"]
[White "Schenk, Quentin Alexander"]
[Black "Nezerka, Niklas"]
[Result "0-1"]
[WhiteElo "1301"]
[BlackElo "1620"]
[PlyCount "72"]
[EventDate "2020.05.01"]
[EventType "swiss (blitz)"]
[EventRounds "13"]
[EventCountry "GER"]
[SourceTitle "CBM 195 Extra"]
[Source "ChessBase"]
[SourceDate "2020.05.31"]
[SourceVersion "1"]
[SourceVersionDate "2020.05.31"]
[SourceQuality "1"]

1. e4 e5 2. Nf3 Nc6 3. Bc4 Nf6 4. c3 d5 5. exd5 Na5 6. Bb3 Bd6 7. d3 b6 8. 0-0 Bg4 9. Nbd2 0-0 10. h3 Bh5 11. Re1 Re8 12. Nf1 Qb8 13. Ng3 Qb7 14. Nxh5 Nxh5 15. d4 exd4 16. Bc2 Qxd5 17. Qd3 g6 18. b4 Nc4 19. Bb3 b5 20. a4 c6 21. axb5 cxb5 22. Bxc4 Qxc4 23. Qxc4 bxc4 24. Rd1 d3 25. Bg5 Be7 26. Bf4 Nxf4 27. Kh2 Ne2 28. Ne5 Nxc3 29. Rd2 Bf6 30. Nxc4 Ne4 31. Rdd1 Bxa1 32. Rxa1 Nxf2 33. Rf1 Ne4 34. Rd1 Red8 35. Kg1 Rac8 36. Nb2 d2 0-1

[Event "GER-ch U18 sf Berlin Online"]
[Site "Playchess.com INT"]
[Date "2020.05.01"]
[Round "6"]
[White "Warken, Samuel"]
[Black "Schenk, Quentin Alexander"]
[Result "1-0"]
[WhiteElo "1620"]
[BlackElo "1301"]
[PlyCount "36"]
[EventDate "2020.05.01"]
[EventType "swiss (blitz)"]
[EventRounds "13"]
[EventCountry "GER"]
[SourceTitle "CBM 195 Extra"]
[Source "ChessBase"]
[SourceDate "2020.05.31"]
[SourceVersion "1"]
[SourceVersionDate "2020.05.31"]
[SourceQuality "1"]

1. e4 e5 2. Nf3 Nf6 3. Nc3 Nc6 4. Bc4 Bc5 5. d3 d6 6. Bg5 Bg4 7. Bxf6 Bxf3 8. Qxf3 Qxf6 9. Qxf6 gxf6 10. 0-0 0-0-0 11. Nd5 Kb8 12. Nxf6 h5 13. Nd5 Rhg8 14. g3 h4 15. Nf6 Rg6 16. Nd5 Rdg8 17. Nc3 Nd4 18. Bxf7 R8g7 1-0

[Event "GER-ch Net Amateur Gr-C Vor3"]
[Site "Playchess.com INT"]
[Date "2020.04.16"]
[Round "2"]
[White "Fettig, Michel"]
[Black "Schenk, Quentin Alexander"]
[Result "1-0"]
[WhiteElo "1435"]
[BlackElo "1208"]
[PlyCount "81"]
[EventDate "2020.04.16"]
[EventType "swiss (blitz)"]
[EventRounds "9"]
[EventCountry "GER"]
[SourceTitle "CBM 195 Extra"]
[Source "ChessBase"]
[SourceDate "2020.05.31"]
[SourceVersion "1"]
[SourceVersionDate "2020.05.31"]
[SourceQuality "1"]

1. e4 e5 2. Nf3 Nf6 3. Bc4 Nxe4 4. d3 Nf6 5. Nxe5 Bd6 6. Nf3 Nc6 7. Nc3 h6 8. Be3 b6 9. 0-0 Bb7 10. d4 0-0 11. a3 Qe7 12. d5 Nd8 13. Bd4 c6 14. dxc6 Bxc6 15. Re1 Ne6 16. Bxe6 dxe6 17. Qd2 Bxf3 18. gxf3 Qc7 19. Bxf6 gxf6 20. Qxh6 Bf4 21. Qh4 Bg5 22. Qg4 Qc5 23. Ne4 Qa5 24. Nxf6+ Kg7 25. Nh5+ Kg6 26. f4 f6 27. fxg5 f5 28. Qh3 Rac8 29. Rxe6+ Kf7 30. Rf6+ Ke7 31. Qe3+ Kd7 32. Rd1+ Kc7 33. Qe7+ Kb8 34. Rxf8 Rxf8 35. Qxf8+ Kb7 36. Rd7+ Ka6 37. Qa8 Qe1+ 38. Kg2 Kb5 39. Qd5+ Ka6 40. Qc4+ Ka5 41. Rxa7# 1-0

[Event "GER-ch Net Amateur Gr-C Vor3"]
[Site "Playchess.com INT"]
[Date "2020.04.16"]
[Round "6"]
[White "Schenk, Quentin Alexander"]
[Black "Bone, Franziska"]
[Result "1-0"]
[WhiteElo "1254"]
[BlackElo "1390"]
[PlyCount "111"]
[EventDate "2020.04.16"]
[EventType "swiss (blitz)"]
[EventRounds "9"]
[EventCountry "GER"]
[SourceTitle "CBM 195 Extra"]
[Source "ChessBase"]
[SourceDate "2020.05.31"]
[SourceVersion "1"]
[SourceVersionDate "2020.05.31"]
[SourceQuality "1"]

1. e4 e5 2. Nf3 Nc6 3. Nc3 Nf6 4. Bc4 Bc5 5. d3 d6 6. Bg5 Bg4 7. h3 Bh5 8. g4 Bg6 9. Nd5 h6 10. Bh4 Bb4+ 11. c3 Bc5 12. Nxf6+ gxf6 13. Qd2 Qd7 14. Qe2 0-0-0 15. Ng1 Rhg8 16. Qf3 Qe7 17. a4 Qe8 18. Bxf6 Rd7 19. b4 Bb6 20. a5 Bxf2+ 21. Qxf2 Ne7 22. h4 d5 23. h5 Bh7 24. Bxe7 dxc4 25. Bh4 Rxd3 26. Qxa7 Kd7 27. Nf3 Rxf3 28. Qc5 Rxg4 29. Qd5+ Kc8 30. a6 Rxe4+ 31. Kd1 Rd3+ 32. Qxd3 cxd3 33. a7 Kd7 34. a8Q Qxa8 35. Rxa8 Re2 36. Re1 Rxe1+ 37. Bxe1 e4 38. Rh8 Bf5 39. Rf8 Be6 40. Rh8 e3 41. Rxh6 Bg4+ 42. Kc1 d2+ 43. Bxd2 exd2+ 44. Kxd2 f5 45. Rh7+ Ke6 46. Rh6+ Kf7 47. Rh8 Kg7 48. Rd8 Bxh5 49. Rd7+ Kf6 50. Rxc7 b5 51. Rc5 Be8 52. Rd5 Ke6 53. Rd3 Ke5 54. Re3+ Kf4 55. Rxe8 Kg4 56. Rf8 1-0

[Event "GER-ch Net Amateur Gr-C Vor3"]
[Site "Playchess.com INT"]
[Date "2020.04.16"]
[Round "4"]
[White "Schenk, Quentin Alexander"]
[Black "Woiteck, Sophia"]
[Result "0-1"]
[WhiteElo "1265"]
[BlackElo "1453"]
[PlyCount "74"]
[EventDate "2020.04.16"]
[EventType "swiss (blitz)"]
[EventRounds "9"]
[EventCountry "GER"]
[SourceTitle "CBM 195 Extra"]
[Source "ChessBase"]
[SourceDate "2020.05.31"]
[SourceVersion "1"]
[SourceVersionDate "2020.05.31"]
[SourceQuality "1"]

1. e4 e5 2. Nf3 Nc6 3. Bc4 Bc5 4. c3 a6 5. d3 Nf6 6. Bg5 d6 7. Nbd2 h6 8. Bh4 Bg4 9. h3 Bd7 10. Nf1 Qe7 11. Ng3 g5 12. Nf5 Qf8 13. Bg3 Bxf5 14. exf5 Nh5 15. b4 Nxg3 16. fxg3 Ba7 17. a4 Ne7 18. b5 Nxf5 19. g4 Ne3 20. Qd2 Nxc4 21. dxc4 e4 22. Ng1 Qg7 23. Qe2 Qxc3+ 24. Kf1 Qxa1+ 25. Qe1 Qd4 26. Ne2 Qe3 27. h4 gxh4 28. Rh3 Qc5 29. Nc3 Qxc4+ 30. Ne2 Qc5 31. Rc3 Qb6 32. Ng1 Qxg1+ 33. Ke2 Qxe1+ 34. Kxe1 Bb6 35. Rc4 Ba5+ 36. Kf1 d5 37. Rc5 0-0-0 0-1

[Event "GER-ch Net Amateur Gr-C Vor2"]
[Site "Playchess.com INT"]
[Date "2020.04.15"]
[Round "6"]
[White "Schenk, Quentin Alexander"]
[Black "Fettig, Michel"]
[Result "1/2-1/2"]
[WhiteElo "1354"]
[BlackElo "1400"]
[PlyCount "69"]
[EventDate "2020.04.15"]
[EventType "swiss (blitz)"]
[EventRounds "9"]
[EventCountry "GER"]
[SourceTitle "CBM 196 Extra"]
[Source "ChessBase"]
[SourceDate "2020.07.31"]
[SourceVersion "1"]
[SourceVersionDate "2020.07.31"]
[SourceQuality "1"]

1. e4 e5 2. Nf3 Nc6 3. Bc4 Nf6 4. d3 h6 5. c3 Bc5 6. Nbd2 d6 7. h3 Be6 8. Bb3 Bxb3 9. Qxb3 Rb8 10. Nf1 0-0 11. Ng3 d5 12. exd5 Nxd5 13. c4 Nf6 14. Nf5 Qd7 15. Bxh6 gxh6 16. Nxh6+ Kh7 17. Ng4 Rg8 18. Nfh2 Kg7 19. Qc3 Bd4 20. Qd2 Kf8 21. Qh6+ Rg7 22. Qh8+ Rg8 23. Qxf6 Bxb2 24. Rb1 Bc3+ 25. Ke2 Nd4+ 26. Ke3 Nc2+ 27. Ke2 Nd4+ 28. Kd1 Nf5 29. Nf3 Qxd3+ 30. Kc1 Nd4 31. Qh6+ Rg7 32. Qh8+ Rg8 33. Qh6+ Rg7 34. Qh8+ Rg8 35. Qh6+ 1/2-1/2